El Caballero del Santo Grial / (Record no. 180734)

MARC details
000 -LEADER
campo de control de longitud fija 00660nam a2200217 i 4500
001 - NÚMERO DE CONTROL
campo de control 180734
003 - IDENTIFICADOR DE NÚMERO DE CONTROL
campo de control ES-MaACL
005 - FECHA Y HORA DE LA ÚLTIMA TRANSACCIÓN
campo de control 20230906221157.0
008 - DATOS DE LONGITUD FIJA--INFORMACIÓN GENERAL
campo de control de longitud fija 120705s1966 sp |||| | spa d
080 ## - NÚMERO DE LA CLASIFICACIÓN DECIMAL UNIVERSAL
Número de la Clasificación Decimal Universal 821.134.2-3"19"
080 ## - NÚMERO DE LA CLASIFICACIÓN DECIMAL UNIVERSAL
Número de la Clasificación Decimal Universal 398.22
100 1# - ENTRADA PRINCIPAL--NOMBRE DE PERSONA
Nombre de persona Hernández de la Torre y García, José María.
9 (RLIN) 62922
245 13 - MENCIÓN DEL TÍTULO
Título El Caballero del Santo Grial /
Mención de responsabilidad, etc. por José M.ª Hernández de la Torre.
260 ## - PUBLICACIÓN, DISTRIBUCIÓN, ETC.
Lugar de publicación, distribución, etc. Barcelona :
Nombre del editor, distribuidor, etc. Domingo Savio,
Fecha de publicación, distribución, etc. [1966]
300 ## - DESCRIPCIÓN FÍSICA
Extensión 96 p. ;
Dimensiones 11 cm.
490 1# - MENCIÓN DE SERIE
Mención de serie Ardilla ;
Designación de volumen o secuencia 247
650 ## - PUNTO DE ACCESO ADICIONAL DE MATERIA--TÉRMINO DE MATERIA
Término de materia o nombre geográfico como elemento de entrada Grial-
Subdivisión de forma Leyendas.
9 (RLIN) 150855
830 0# - PUNTO DE ACCESO ADICIONAL DE SERIE-TÍTULO UNIFORME
Título uniforme Ardilla ;
Designación de volumen o secuencia 247
9 (RLIN) 191326
852 ## - LOCALIZACIÓN
Ubicación ES-MaACL
Número de control de estantería 2312-F-7
Holdings
Estatus retirado Estado de pérdida Estado de daño No para préstamo Colección Biblioteca de origen Biblioteca actual Ubicación en estantería Fecha de adquisición Fuente de adquisición Total de préstamos Signatura topográfica completa Código de barras Visto por última vez Precio de reemplazo Tipo de ítem Koha
        Colección de folletos Biblioteca del Ateneo de Madrid Biblioteca del Ateneo de Madrid Depósito folletos 05/07/2012     2312-F-7 1189923 23/02/2023 23/02/2023 Folleto